[Event "LSS No Engine Cup 229 Preliminary 0"]
[Site "LSS email"]
[Date "2022.08.25"]
[Round "?"]
[White "Huber, Karl"]
[Black "Kocian, Stefan"]
[Result "1-0"]
[WhiteElo "2139"]
[BlackElo "1303"]
[PlyCount "71"]
[EventDate "2022.08.25"]
[EventType "tourn (corr)"]
[EventRounds "6"]
[EventCountry "GER"]
[SourceTitle "Corr 2024"]
[Source "ChessBase"]
[SourceDate "2023.10.19"]
[SourceVersion "1"]
[SourceVersionDate "2023.10.19"]
[SourceQuality "1"]

1. e4 d6 2. d4 g6 3. Bd3 Bg7 4. c3 Nf6 5. Nf3 0-0 6. e5 dxe5 7. Nxe5 c5 8. dxc5 Qd5 9. Nf3 Qxc5 10. 0-0 Nc6 11. Nbd2 Bg4 12. Ne4 Qb6 13. h3 Bxf3 14. Nxf6+ Bxf6 15. Qxf3 Ne5 16. Qe4 Nxd3 17. Qxd3 Rfd8 18. Qc2 Rd7 19. Bh6 Bg7 20. Be3 Qc7 21. Rfd1 b6 22. Rxd7 Qxd7 23. Rd1 Qc6 24. Qe2 Qe6 25. Qf3 Rb8 26. Qd5 Qxd5 27. Rxd5 e6 28. Rd7 a5 29. Ra7 Bf8 30. Kf1 Bc5 31. Bf4 Rd8 32. Ke2 Bd6 33. Be3 Rb8 34. Kd3 Kf8 35. a4 h5 36. Kc4 1-0

[Event "LSS No Engine Cup 229 Preliminary 0"]
[Site "LSS email"]
[Date "2022.08.25"]
[Round "?"]
[White "Kocian, Stefan"]
[Black "Boni, Roberto"]
[Result "0-1"]
[WhiteElo "1303"]
[BlackElo "1961"]
[PlyCount "26"]
[EventDate "2022.08.25"]
[EventType "tourn (corr)"]
[EventRounds "6"]
[EventCountry "GER"]
[SourceTitle "Corr 2024"]
[Source "ChessBase"]
[SourceDate "2023.10.19"]
[SourceVersion "1"]
[SourceVersionDate "2023.10.19"]
[SourceQuality "1"]

1. e4 c5 2. c3 Nf6 3. e5 Nd5 4. Na3 Nc6 5. Nf3 e6 6. Nc4 Be7 7. d4 cxd4 8. cxd4 f6 9. exf6 Nxf6 10. Bg5 d5 11. Nce5 Ne4 12. Bxe7 Qxe7 13. Bb5 Qb4+ 0-1

[Event "LSS No Engine Cup 229 Preliminary 0"]
[Site "LSS email"]
[Date "2022.08.25"]
[Round "?"]
[White "Wilshusen, Horst"]
[Black "Kocian, Stefan"]
[Result "1-0"]
[WhiteElo "1355"]
[BlackElo "1303"]
[PlyCount "101"]
[EventDate "2022.08.25"]
[EventType "tourn (corr)"]
[EventRounds "6"]
[EventCountry "GER"]
[SourceTitle "Corr 2024"]
[Source "ChessBase"]
[SourceDate "2023.10.19"]
[SourceVersion "1"]
[SourceVersionDate "2023.10.19"]
[SourceQuality "1"]

1. c4 d6 2. Nc3 g6 3. g3 Bg7 4. Bg2 c5 5. d3 Nf6 6. Nf3 0-0 7. 0-0 Nc6 8. Bd2 a6 9. Rb1 Bd7 10. a3 Qc8 11. e4 Bh3 12. Ne2 Bxg2 13. Kxg2 b5 14. b3 Rb8 15. Qc2 b4 16. a4 Qc7 17. Rbe1 e6 18. Nfg1 Nd7 19. f4 f5 20. Nf3 a5 21. Neg1 Nd4 22. Nxd4 Bxd4 23. Nf3 Bg7 24. Be3 Qc6 25. Bc1 Rbe8 26. Bb2 Bxb2 27. Qxb2 Nf6 28. Qc2 Ng4 29. h3 Nf6 30. Kh2 e5 31. fxe5 fxe4 32. dxe4 dxe5 33. Rf2 Rf7 34. Kg2 Nd7 35. Ref1 Nf6 36. Nd2 Ref8 37. Qd3 Rd7 38. Qe3 Rfd8 39. Rxf6 Rxd2+ 40. Kg1 Qd7 41. R6f2 Rxf2 42. Qxf2 Qd4 43. h4 Qxf2+ 44. Kxf2 Rd3 45. Rb1 Kg7 46. g4 Rh3 47. h5 gxh5 48. gxh5 Kh6 49. Rd1 Rxb3 50. Rd5 Ra3 51. Rxc5 1-0

[Event "LSS No Engine Cup 228 Preliminary 0"]
[Site "LSS email"]
[Date "2022.07.09"]
[Round "?"]
[White "Ramponelli, Roberto"]
[Black "Kocian, Stefan"]
[Result "0-1"]
[WhiteElo "1563"]
[BlackElo "1297"]
[PlyCount "62"]
[EventDate "2022.07.09"]
[EventType "tourn (corr)"]
[EventRounds "6"]
[EventCountry "GER"]
[SourceTitle "Corr 2024"]
[Source "ChessBase"]
[SourceDate "2023.10.19"]
[SourceVersion "1"]
[SourceVersionDate "2023.10.19"]
[SourceQuality "1"]

1. Nf3 d6 2. e4 Nf6 3. Nc3 g6 4. d4 Bg7 5. Be2 0-0 6. h3 c6 7. 0-0 Nbd7 8. Be3 b5 9. a3 Qc7 10. Qd2 Bb7 11. Bh6 a6 12. Bxg7 Kxg7 13. Rfe1 c5 14. Rad1 Nxe4 15. Nxe4 Bxe4 16. Ng5 Bb7 17. dxc5 Nxc5 18. Qd4+ e5 19. Qxd6 Qxd6 20. Rxd6 Rfd8 21. Red1 Rxd6 22. Rxd6 Ne4 23. Nxe4 Bxe4 24. Bd1 Kf8 25. c3 Ke7 26. Rd2 f6 27. f3 Bc6 28. Kf2 h6 29. Bc2 g5 30. Ke3 Rd8 31. Rxd8 Kxd8 0-1

[Event "LSS No Engine Cup 226 Preliminary 0"]
[Site "LSS email"]
[Date "2022.03.27"]
[Round "?"]
[White "Kocian, Stefan"]
[Black "Rivas Maceda, Juan"]
[Result "0-1"]
[WhiteElo "1299"]
[BlackElo "2279"]
[PlyCount "50"]
[EventDate "2022.03.27"]
[EventType "tourn (corr)"]
[EventRounds "6"]
[EventCountry "GER"]
[SourceTitle "Corr 2024"]
[Source "ChessBase"]
[SourceDate "2023.10.19"]
[SourceVersion "1"]
[SourceVersionDate "2023.10.19"]
[SourceQuality "1"]

1. e4 c5 2. Nf3 d6 3. d4 cxd4 4. Nxd4 Nf6 5. f3 e5 6. Bb5+ Nbd7 7. Nf5 d5 8. exd5 a6 9. Be2 Nb6 10. Ne3 Nbxd5 11. c4 Qa5+ 12. Bd2 Nxe3 13. Bxa5 Nxd1 14. Bxd1 Be6 15. Be2 Be7 16. Bc3 Nd7 17. Nd2 f6 18. b4 Nb6 19. a4 Rc8 20. c5 Nd5 21. Rc1 a5 22. Ne4 Nxc3 23. Rxc3 f5 24. Bb5+ Kf7 25. Ng3 axb4 0-1

[Event "LSS No Engine Cup 225 Preliminary 0"]
[Site "LSS email"]
[Date "2022.02.02"]
[Round "?"]
[White "Kocian, Stefan"]
[Black "Portas, Daniel"]
[Result "0-1"]
[WhiteElo "1319"]
[BlackElo "1731"]
[PlyCount "62"]
[EventDate "2022.02.02"]
[EventType "tourn (corr)"]
[EventRounds "6"]
[EventCountry "GER"]
[SourceTitle "Corr 2024"]
[Source "ChessBase"]
[SourceDate "2023.10.19"]
[SourceVersion "1"]
[SourceVersionDate "2023.10.19"]
[SourceQuality "1"]

1. e4 e6 2. d4 d5 3. Nd2 Nf6 4. e5 Ne4 5. Nxe4 dxe4 6. Bc4 Nd7 7. c3 Nb6 8. Bb3 Be7 9. Qg4 g6 10. Qxe4 c5 11. Nf3 cxd4 12. cxd4 Bd7 13. 0-0 Bc6 14. Qe2 Rc8 15. Bh6 Nd5 16. Rfc1 Rg8 17. Bxd5 Bxd5 18. Rxc8 Qxc8 19. a3 g5 20. h4 gxh4 21. Kh2 Kd7 22. Rc1 Qd8 23. Qd3 Rg6 24. Bd2 Ke8 25. Qc3 h5 26. Qc8 Bc6 27. Qxd8+ Kxd8 28. Rc3 Rg4 29. Rd3 Be4 30. Rc3 Bd5 31. b4 b5 0-1

[Event "LSS No Engine Cup 225 Preliminary 0"]
[Site "LSS email"]
[Date "2022.02.02"]
[Round "?"]
[White "Madrid, Pedro"]
[Black "Kocian, Stefan"]
[Result "1-0"]
[WhiteElo "1672"]
[BlackElo "1319"]
[PlyCount "77"]
[EventDate "2022.02.02"]
[EventType "tourn (corr)"]
[EventRounds "6"]
[EventCountry "GER"]
[SourceTitle "Corr 2024"]
[Source "ChessBase"]
[SourceDate "2023.10.19"]
[SourceVersion "1"]
[SourceVersionDate "2023.10.19"]
[SourceQuality "1"]

1. e4 e6 2. c4 d5 3. cxd5 exd5 4. exd5 Nf6 5. Nc3 Nxd5 6. Nf3 Bb4 7. a3 Ba5 8. Bc4 Be6 9. Nxd5 Bxd5 10. Qe2+ Kf8 11. 0-0 Bxf3 12. Qxf3 Qe8 13. Qxb7 Nd7 14. Bb5 Rb8 15. Qd5 Qe5 16. Qxd7 Qxb5 17. Qxb5 Rxb5 18. b4 Bb6 19. Bb2 f6 20. Rfe1 Kf7 21. Re2 Re8 22. Rxe8 Kxe8 23. Re1+ Kf7 24. Bc3 Rf5 25. Re2 h5 26. d4 c6 27. g3 Rf3 28. Re3 Rf5 29. Kg2 Rd5 30. Re4 Kg6 31. h3 Kf5 32. f3 g5 33. h4 g4 34. Rf4+ Ke6 35. fxg4 a6 36. Re4+ Kd6 37. Rf4 Ke6 38. gxh5 Rxh5 39. Kf3 1-0

[Event "LSS No Engine Cup 224 Preliminary 0"]
[Site "LSS email"]
[Date "2022.01.08"]
[Round "?"]
[White "Potapov, Evgeniy"]
[Black "Kocian, Stefan"]
[Result "1-0"]
[WhiteElo "1910"]
[BlackElo "1321"]
[PlyCount "45"]
[EventDate "2022.01.08"]
[EventType "tourn (corr)"]
[EventRounds "6"]
[EventCountry "GER"]
[SourceTitle "Corr 2024"]
[Source "ChessBase"]
[SourceDate "2023.10.19"]
[SourceVersion "1"]
[SourceVersionDate "2023.10.19"]
[SourceQuality "1"]

1. e4 e6 2. d4 d5 3. Nd2 dxe4 4. Nxe4 Bd7 5. Nf3 Bc6 6. Bd3 Nd7 7. 0-0 Ngf6 8. Ng3 Bd6 9. Re1 Bxf3 10. Qxf3 c6 11. Nf5 Bf8 12. Bf4 Qa5 13. c4 0-0-0 14. Nd6+ Bxd6 15. Bxd6 c5 16. b4 cxb4 17. Rab1 Nb8 18. Bxb4 Qh5 19. Qe3 Nc6 20. d5 exd5 21. Qf4 Ne4 22. cxd5 Nxb4 23. Rec1+ 1-0

[Event "LSS No Engine Cup 222 Preliminary 0"]
[Site "LSS email"]
[Date "2021.10.23"]
[Round "?"]
[White "Csoma, Robert"]
[Black "Kocian, Stefan"]
[Result "0-1"]
[WhiteElo "1368"]
[BlackElo "1310"]
[PlyCount "72"]
[EventDate "2021.10.23"]
[EventType "tourn (corr)"]
[EventRounds "6"]
[EventCountry "GER"]
[SourceTitle "Corr 2024"]
[Source "ChessBase"]
[SourceDate "2023.10.19"]
[SourceVersion "1"]
[SourceVersionDate "2023.10.19"]
[SourceQuality "1"]

1. e4 e5 2. Nf3 Nf6 3. d4 Nxe4 4. Bd3 Nc6 5. Bxe4 d5 6. Nxe5 dxe4 7. Nxc6 bxc6 8. 0-0 g6 9. Re1 f5 10. f3 Bg7 11. c3 Be6 12. fxe4 0-0 13. Nd2 Qd6 14. e5 Qe7 15. Qa4 c5 16. Nf3 cxd4 17. cxd4 c5 18. Be3 cxd4 19. Bxd4 Rfc8 20. Rac1 Rxc1 21. Rxc1 Bd5 22. Re1 Bxf3 23. gxf3 f4 24. Qc6 Rd8 25. Qc4+ Kh8 26. Bc3 Re8 27. Qxf4 Rf8 28. Qe3 Kg8 29. a3 Re8 30. f4 Bh6 31. Qh3 Bxf4 32. e6 Bd6 33. Qg4 Qc7 34. Re2 Rf8 35. Kg2 Rf4 36. Qg5 Qc6+ 0-1

[Event "LSS No Engine Cup 222 Preliminary 0"]
[Site "LSS email"]
[Date "2021.10.23"]
[Round "?"]
[White "Louro, Eugenio"]
[Black "Kocian, Stefan"]
[Result "1-0"]
[WhiteElo "1965"]
[BlackElo "1310"]
[PlyCount "29"]
[EventDate "2021.10.23"]
[EventType "tourn (corr)"]
[EventRounds "6"]
[EventCountry "GER"]
[SourceTitle "Corr 2024"]
[Source "ChessBase"]
[SourceDate "2023.10.19"]
[SourceVersion "1"]
[SourceVersionDate "2023.10.19"]
[SourceQuality "1"]

1. e4 e5 2. Nf3 Nf6 3. Bc4 Nxe4 4. 0-0 d5 5. Bb3 Nc6 6. Qe1 Be6 7. Ba4 f6 8. d4 Bd7 9. dxe5 Nxe5 10. Bb3 Bb5 11. Nxe5 fxe5 12. c4 dxc4 13. Qxe4 Bc6 14. Qxc4 Bd5 15. Qxd5 1-0

[Event "LSS No Engine Cup 221 Preliminary 0"]
[Site "LSS email"]
[Date "2021.09.14"]
[Round "?"]
[White "Sheers, Matthew"]
[Black "Kocian, Stefan"]
[Result "1-0"]
[WhiteElo "2277"]
[BlackElo "1328"]
[PlyCount "51"]
[EventDate "2021.09.14"]
[EventType "tourn (corr)"]
[EventRounds "6"]
[EventCountry "GER"]
[SourceTitle "Corr 2024"]
[Source "ChessBase"]
[SourceDate "2023.10.19"]
[SourceVersion "1"]
[SourceVersionDate "2023.10.19"]
[SourceQuality "1"]

1. d4 Nf6 2. Nf3 c5 3. d5 b5 4. Bg5 Qb6 5. a4 b4 6. a5 Qb7 7. Bxf6 exf6 8. e4 d6 9. Nfd2 Be7 10. Bd3 Nd7 11. a6 Qb6 12. Nc4 Qc7 13. 0-0 Ne5 14. Nbd2 Nxd3 15. cxd3 f5 16. Re1 fxe4 17. dxe4 Bd7 18. e5 0-0 19. Ne4 dxe5 20. d6 Bxd6 21. Qxd6 Qxd6 22. Ncxd6 c4 23. Nc5 Rfd8 24. Ndb7 Bc6 25. Nxd8 Rxd8 26. Rac1 1-0

[Event "LSS No Engine Cup 220 Preliminary 0"]
[Site "LSS email"]
[Date "2021.08.26"]
[Round "?"]
[White "Kocian, Stefan"]
[Black "Helmbrecht, John"]
[Result "0-1"]
[WhiteElo "1328"]
[BlackElo "1777"]
[PlyCount "74"]
[EventDate "2021.08.26"]
[EventType "tourn (corr)"]
[EventRounds "6"]
[EventCountry "GER"]
[SourceTitle "Corr 2024"]
[Source "ChessBase"]
[SourceDate "2023.10.19"]
[SourceVersion "1"]
[SourceVersionDate "2023.10.19"]
[SourceQuality "1"]

1. e4 c5 2. Nf3 Nc6 3. d4 cxd4 4. Nxd4 Nf6 5. Nc3 d6 6. f3 e5 7. Nb3 Be7 8. Be3 0-0 9. Qd2 a5 10. a3 Be6 11. Nd5 Bxd5 12. exd5 Nb8 13. a4 Nbd7 14. 0-0-0 e4 15. Qf2 Qc7 16. Bb5 Rac8 17. c3 b6 18. Bg5 Ng4 19. fxg4 Bxg5+ 20. Kc2 Nc5 21. Nxc5 bxc5 22. Qf5 Qe7 23. Rhe1 e3 24. Bd3 g6 25. Qe4 c4 26. Qxe7 cxd3+ 27. Rxd3 Bxe7 28. Rexe3 Bg5 29. Re2 Rc4 30. b3 Rxg4 31. g3 Bf6 32. h3 Rg5 33. b4 Re5 34. Rf2 Bg7 35. b5 Rc8 36. Kb3 Re4 37. Rc2 Rec4 0-1

[Event "LSS No Engine Cup 216 Preliminary 0"]
[Site "LSS email"]
[Date "2021.04.11"]
[Round "?"]
[White "Kocian, Stefan"]
[Black "Hoehne, Volkmar"]
[Result "0-1"]
[WhiteElo "1342"]
[BlackElo "2136"]
[PlyCount "50"]
[EventDate "2021.04.11"]
[EventType "tourn (corr)"]
[EventRounds "6"]
[EventCountry "GER"]
[SourceTitle "Corr 2024"]
[Source "ChessBase"]
[SourceDate "2023.10.19"]
[SourceVersion "1"]
[SourceVersionDate "2023.10.19"]
[SourceQuality "1"]

1. c4 e5 2. g3 Nf6 3. Bg2 d5 4. cxd5 Nxd5 5. Nc3 Nb6 6. e3 Nc6 7. Nge2 Be7 8. 0-0 0-0 9. b3 Bf5 10. d4 exd4 11. Nxd4 Nxd4 12. Qxd4 Qxd4 13. exd4 c6 14. Bb2 Rad8 15. Rad1 Bg4 16. Rde1 Rfe8 17. h3 Be6 18. Rd1 Bb4 19. Ne2 Bxb3 20. axb3 Rxe2 21. Bc1 Nd5 22. Rd3 f6 23. Rfd1 Nc3 24. Bf1 Re4 25. Re3 Rxe3 0-1

[Event "LSS No Engine Cup 214 Preliminary 0"]
[Site "LSS email"]
[Date "2021.02.17"]
[Round "?"]
[White "Kocian, Stefan"]
[Black "Reppert, Victor"]
[Result "0-1"]
[WhiteElo "1386"]
[BlackElo "1654"]
[PlyCount "40"]
[EventDate "2021.02.17"]
[EventType "tourn (corr)"]
[EventRounds "6"]
[EventCountry "GER"]
[SourceTitle "Corr 2024"]
[Source "ChessBase"]
[SourceDate "2023.10.19"]
[SourceVersion "1"]
[SourceVersionDate "2023.10.19"]
[SourceQuality "1"]

1. d4 Nf6 2. c4 c5 3. d5 b5 4. cxb5 a6 5. bxa6 g6 6. Nc3 Bxa6 7. g3 d6 8. Bg2 Bg7 9. Nf3 Nbd7 10. 0-0 Nb6 11. Re1 0-0 12. e4 Nfd7 13. Bf4 Nc4 14. Qc2 Qa5 15. Nd2 Nxb2 16. Nb3 Qxc3 17. Qxc3 Bxc3 18. Rec1 Na4 19. Bh3 Ndb6 20. Rxc3 Nxc3 0-1

[Event "LSS No Engine Cup 214 Preliminary 0"]
[Site "LSS email"]
[Date "2021.02.17"]
[Round "?"]
[White "Mostowik, Pawel"]
[Black "Kocian, Stefan"]
[Result "1-0"]
[WhiteElo "2190"]
[BlackElo "1386"]
[PlyCount "63"]
[EventDate "2021.02.17"]
[EventType "tourn (corr)"]
[EventRounds "6"]
[EventCountry "GER"]
[SourceTitle "Corr 2024"]
[Source "ChessBase"]
[SourceDate "2023.10.19"]
[SourceVersion "1"]
[SourceVersionDate "2023.10.19"]
[SourceQuality "1"]

1. e4 e6 2. d4 d5 3. Nc3 dxe4 4. Nxe4 Bd7 5. Nf3 Bc6 6. Bd3 Nd7 7. 0-0 Ngf6 8. Nc3 Be7 9. Re1 Bxf3 10. Qxf3 c6 11. Be3 0-0 12. Rad1 Re8 13. a3 Nd5 14. Nxd5 cxd5 15. c3 Nf6 16. Qg3 a6 17. Qh3 h6 18. Re2 Ne4 19. Rde1 Bg5 20. Bxe4 dxe4 21. Bxg5 Qxg5 22. Rxe4 Qb5 23. R4e2 Rac8 24. g4 Rcd8 25. f4 Rd5 26. Qg3 h5 27. h3 Rf8 28. Rg2 g6 29. Qh4 Kg7 30. f5 Qd3 31. fxg6 Qxg6 32. gxh5 1-0

[Event "LSS No Engine Cup 194 Preliminary 0"]
[Site "LSS email"]
[Date "2019.10.14"]
[Round "?"]
[White "Heiser, Jerome"]
[Black "Kocian, Stefan"]
[Result "1-0"]
[WhiteElo "774"]
[BlackElo "1490"]
[PlyCount "29"]
[EventDate "2019.10.15"]
[EventType "tourn (corr)"]
[EventRounds "6"]
[EventCountry "GER"]
[SourceTitle "Corr 2022"]
[Source "ChessBase"]
[SourceDate "2021.10.24"]
[SourceVersion "1"]
[SourceVersionDate "2021.10.24"]
[SourceQuality "1"]

1. e4 d5 2. exd5 Nf6 3. Bb5+ Nbd7 4. Nc3 a6 5. Ba4 g6 6. d4 b5 7. Bb3 Nb6 8. Nf3 Bb7 9. Ne5 Nbxd5 10. 0-0 Nxc3 11. bxc3 e6 12. a4 b4 13. c4 a5 14. Bb2 Bg7 15. Nxf7 1-0

[Event "LSS No Engine Cup 194 Preliminary 0"]
[Site "LSS email"]
[Date "2019.10.14"]
[Round "?"]
[White "Kocian, Stefan"]
[Black "Vasseur, Olivier"]
[Result "0-1"]
[WhiteElo "1490"]
[BlackElo "1899"]
[PlyCount "24"]
[EventDate "2019.10.15"]
[EventType "tourn (corr)"]
[EventRounds "6"]
[EventCountry "GER"]
[SourceTitle "Corr 2022"]
[Source "ChessBase"]
[SourceDate "2021.10.24"]
[SourceVersion "1"]
[SourceVersionDate "2021.10.24"]
[SourceQuality "1"]

1. d4 d5 2. c4 e6 3. Nc3 Nf6 4. e3 c5 5. Nf3 Nc6 6. cxd5 exd5 7. Be2 cxd4 8. Nxd4 Bd7 9. 0-0 a6 10. h3 Bd6 11. a3 0-0 12. Nf3 Be6 0-1

[Event "LSS No Engine Cup 192 Preliminary 0"]
[Site "LSS email"]
[Date "2019.08.15"]
[Round "?"]
[White "Jenneborg, Seved"]
[Black "Kocian, Stefan"]
[Result "1-0"]
[WhiteElo "2248"]
[BlackElo "1543"]
[PlyCount "31"]
[EventDate "2019.08.16"]
[EventType "tourn (corr)"]
[EventRounds "6"]
[EventCountry "GER"]
[SourceTitle "Corr 2022"]
[Source "ChessBase"]
[SourceDate "2021.10.24"]
[SourceVersion "1"]
[SourceVersionDate "2021.10.24"]
[SourceQuality "1"]

1. e4 d5 2. exd5 Qxd5 3. Nf3 Nf6 4. d4 Bg4 5. Be2 c6 6. 0-0 e6 7. c4 Qd8 8. h3 Bf5 9. Nh4 Bxh3 10. gxh3 c5 11. d5 exd5 12. cxd5 Nxd5 13. Bc4 Qxh4 14. Qxd5 Qf6 15. Bg5 Qg6 16. Qd8# 1-0

[Event "LSS No Engine Cup 192 Preliminary 0"]
[Site "LSS email"]
[Date "2019.08.15"]
[Round "?"]
[White "Kocian, Stefan"]
[Black "Raines, David T"]
[Result "1-0"]
[WhiteElo "1543"]
[BlackElo "1396"]
[PlyCount "45"]
[EventDate "2019.08.16"]
[EventType "tourn (corr)"]
[EventRounds "6"]
[EventCountry "GER"]
[SourceTitle "Corr 2022"]
[Source "ChessBase"]
[SourceDate "2021.10.24"]
[SourceVersion "1"]
[SourceVersionDate "2021.10.24"]
[SourceQuality "1"]

1. d4 Nf6 2. c4 c6 3. Nc3 d5 4. e3 a6 5. Nf3 b5 6. c5 g6 7. Ne5 Bg7 8. Bd3 0-0 9. 0-0 Bb7 10. b3 Nbd7 11. f4 e6 12. Bd2 b4 13. Ne2 a5 14. Ng3 Qc7 15. Nh1 Ba6 16. Bxa6 Rxa6 17. h3 Raa8 18. Nf2 Nxe5 19. fxe5 Nd7 20. Nd3 f6 21. exf6 Bxf6 22. Nf4 e5 23. Ne6 1-0

[Event "LSS No Engine Cup 192 Preliminary 0"]
[Site "LSS email"]
[Date "2019.08.15"]
[Round "?"]
[White "Kocian, Stefan"]
[Black "Verich, Oleg"]
[Result "0-1"]
[WhiteElo "1543"]
[BlackElo "1377"]
[PlyCount "66"]
[EventDate "2019.08.16"]
[EventType "tourn (corr)"]
[EventRounds "6"]
[EventCountry "GER"]
[SourceTitle "Corr 2022"]
[Source "ChessBase"]
[SourceDate "2021.10.24"]
[SourceVersion "1"]
[SourceVersionDate "2021.10.24"]
[SourceQuality "1"]

1. d4 Nf6 2. c4 e6 3. Nc3 Bb4 4. e3 0-0 5. Bd3 d5 6. Nf3 c5 7. b3 Nc6 8. 0-0 dxc4 9. Bxc4 Bxc3 10. Rb1 cxd4 11. exd4 Nxd4 12. Bg5 Nxf3+ 13. Qxf3 Be5 14. Rbd1 Qc7 15. h3 Bd7 16. Rfe1 Bb2 17. Re2 Bc6 18. Qf4 Qxf4 19. Bxf4 Ba3 20. Be5 Be7 21. Bd6 Bxd6 22. Rxd6 Rfd8 23. Red2 Rxd6 24. Rxd6 Kf8 25. Rd3 Ke7 26. f3 Rd8 27. Rc3 Nd5 28. Bxd5 Bxd5 29. Kf2 Kd6 30. Rd3 Ke5 31. Re3+ Kd4 32. Ke2 Rc8 33. Rd3+ Ke5 0-1

[Event "LSS No Engine Cup 192 Preliminary 0"]
[Site "LSS email"]
[Date "2019.08.15"]
[Round "?"]
[White "Neil, Charles"]
[Black "Kocian, Stefan"]
[Result "1-0"]
[WhiteElo "894"]
[BlackElo "1543"]
[PlyCount "57"]
[EventDate "2019.08.16"]
[EventType "tourn (corr)"]
[EventRounds "6"]
[EventCountry "GER"]
[SourceTitle "Corr 2022"]
[Source "ChessBase"]
[SourceDate "2021.10.24"]
[SourceVersion "1"]
[SourceVersionDate "2021.10.24"]
[SourceQuality "1"]

1. e4 d5 2. exd5 Qxd5 3. Nc3 Qa5 4. d4 Nf6 5. Bd2 Bg4 6. Be2 Bxe2 7. Qxe2 c6 8. Nf3 e6 9. 0-0 Qc7 10. a3 Bd6 11. h3 0-0 12. Rfe1 Nbd7 13. Ne4 Nxe4 14. Qxe4 Nf6 15. Qd3 Rad8 16. a4 Nd5 17. Ng5 Nf6 18. c4 c5 19. d5 exd5 20. Bc3 d4 21. Bd2 Rfe8 22. b3 h6 23. Nf3 Bf4 24. Kf1 Bxd2 25. Nxd2 Nh5 26. Qf3 Nf6 27. Qd3 Nh5 28. Nf3 Nf4 29. Qf5 1-0

[Event "RE-2019-0-00209"]
[Site "LSS email"]
[Date "2019.05.28"]
[Round "?"]
[White "Bobisek, Jan"]
[Black "Kocian, Stefan"]
[Result "1-0"]
[WhiteElo "1350"]
[BlackElo "1410"]
[PlyCount "59"]
[EventDate "2019.01.17"]
[EventType "tourn (corr)"]
[EventRounds "6"]
[EventCountry "GER"]
[SourceTitle "Corr 2022"]
[Source "ChessBase"]
[SourceDate "2021.10.24"]
[SourceVersion "1"]
[SourceVersionDate "2021.10.24"]
[SourceQuality "1"]

1. c4 e5 2. Nc3 Bb4 3. Nd5 a5 4. Nxb4 axb4 5. b3 c5 6. Bb2 d6 7. e3 Nf6 8. Nf3 0-0 9. Be2 Nc6 10. 0-0 Bg4 11. h3 Bh5 12. Nxe5 dxe5 13. Bxh5 Ne4 14. d3 Nc3 15. Bxc3 bxc3 16. Qc2 Qg5 17. Bf3 Nb4 18. Qxc3 Ra7 19. a3 Nc6 20. Bxc6 bxc6 21. b4 Qe7 22. Rfb1 f6 23. a4 Rb8 24. b5 Rb6 25. a5 Rb8 26. a6 cxb5 27. Rxb5 Rxb5 28. cxb5 Qd8 29. Qxc5 Rc7 30. Qxc7 1-0